NBA Fathers and Sons - Statistics

General Stats
  • This quiz has been taken 434 times
    87 since last reset
  • The average score is 21 of 45
Answer Stats
Son(s) Father % Correct
Stephen and Seth Curry Dell Curry
90%
Bol Bol Manute Bol
88%
Bronny James LeBron James
86%
Gary Payton Gary Payton
85%
Gary Trent Gary Trent
85%
David Stockton John Stockton
82%
Jon, Brent and Drew Barry Rick Barry
82%
Jalen Brunson Rick Brunson
82%
Tim Hardaway Tim Hardaway
82%
Austin Rivers Doc Rivers
78%
Ron Harper and Dylan Harper Ron Harper
76%
Scotty Pippen Scottie Pippen
74%
Luke Walton Bill Walton
73%
Larry and Pete Nance Larry Nance
73%
Glenn Robinson Glenn Robinson
72%
Mike Dunleavy Mike Dunleavy
67%
Jabari Smith Jabari Smith
62%
Jaren Jackson Jaren Jackson
62%
Danny Schayes Dolph Schayes
60%
Patrick Ewing Patrick Ewing
58%
Domantas Sabonis Arvydas Sabonis
51%
Jim and John Paxson Jim Paxson
49%
K.J. Martin Kenyon Martin
46%
Gerald Henderson Gerald Henderson
45%
Damien Wilkins Gerald Wilkins
45%
Wesley Matthews Wes Matthews
42%
Cole Anthony Greg Anthony
38%
Jett Howard Juwan Howard
33%
Mychel and Klay Thompson Mychal Thompson
33%
Coby Karl George Karl
31%
Jerami and Jerian Grant Harvey Grant
22%
Mike Bibby Henry Bibby
21%
Devin Booker Melvin Booker
15%
Al Horford Tito Horford
14%
Nic Claxton Charles Claxton
10%
Darius Garland Winston Garland
10%
A.J. Griffin Adrian Griffin
9%
Trayce Jackson-Davis Dale Davis
9%
Cory Higgins Rod Higgins
8%
Andrew Wiggins Mitchell Wiggins
6%
Austin Daye Darren Daye
5%
Kiki Vandeweghe Ernie Vandeweghe
4%
Jae Crowder Corey Crowder
3%
Taurean Green Sidney Green
1%
Justise Winslow Rickie Winslow
0%
No matching quizzes found
Score Distribution
Percent of People with Each Score
Percentile by Number Answered
Your Score History
You have not taken this quiz since the last reset